Statistiche per Stati della Germania

Clicka qui per fare il quiz!

Statistiche generali

  • Questo quiz è stato fatto 430 volte
  • Il punteggio medio è 10 su 16

Risposte nella Mappa

Le risposte nella mappa del quiz sottostante sono codificate secondo una scala di colori dal rosso al verde in base alla % di persone che hanno risposto correttamente.
Caricamento ...
 

Statistiche sulle risposte

Stati% Corretto
Baviera
93%
Berlino
89%
Amburgo
81%
Sassonia
69%
Brandeburgo
64%
Brema
64%
Baden-Württemberg
63%
Meclemburgo-Pomerania Anteriore
57%
Renania-Palatinato
56%
Saarland
56%
Schleswig-Holstein
56%
Turingia
52%
Assia
51%
Bassa Sassonia
49%
Renania Settentrionale-Vestfalia
40%
Sassonia-Anhalt
39%

Distribuzione punteggi

Percentile per numero di risposta

Percentuale di utenti per punteggio

I tuoi punteggi nel tempo

Non hai fatto questo quiz